Latex diagnosis for optimising exploitation in Indian rubber smallholdings (Record no. 62006)

MARC details
000 -LEADER
fixed length control field 00489nam a2200133Ia 4500
100 ## - MAIN ENTRY--AUTHOR NAME
Personal name Nair N U
245 #0 - TITLE STATEMENT
Title Latex diagnosis for optimising exploitation in Indian rubber smallholdings
260 ## - PUBLICATION, DISTRIBUTION, ETC. (IMPRINT)
Name of publisher The Progress and Development of Rubber Small Holders: Proceedings of the Ninth Seminar, 9-11 November 2005, Cochin, India. pp.202-205.
650 ## - SUBJECT ADDED ENTRY--TOPICAL TERM
Topical Term Latex diagnosis
650 ## - SUBJECT ADDED ENTRY--TOPICAL TERM
Topical Term Rubber smallholdings
700 ## - ADDED ENTRY--PERSONAL NAME
Personal name Nair R B
942 ## - ADDED ENTRY ELEMENTS (KOHA)
Koha item type Journals
Holdings
Withdrawn status Lost status Damaged status Not for loan Home library Current library Shelving location Date acquired Koha item type
      Journals RRII Library RRII Library Plant physiology 01/01/2021 Journals